01257 2200253 4500001002100000005001500021035002000036007000300056008004100059020002200100082001000122084001600132100002000148245013600168250000600304260003300310300004800343700001400391700002500405650000900430520053600439600001100975990001700986INLIS00000000000093120260521122858 a0010-0823000095ta260521 j 0 ind  a978-979-534-206-9 a611.7 a611.7 TRE m0 aTreays, Rebecca1 aMempelajari Otot dan Tulang :bAku dan tubuhku /cRebecca Treays ; alih bahasa, Endang Naskah Alimah ; penyunting bahasa, Rudiyanto a- aBandung :bPakar Raya,c2004 a32 :bilus. ; gambar berwarna ;c27.5 cme-0 aRudiyanto0 aEndang Naskah Alimah 4aOtot aBuku Mempelajari Otot dan Tulang mengajak kita melihat bagaimana kerangka-kerangka kita tersusun dan bagaiman cara menggerakkannya. Buku ini juga mengungkap bagian-bagian tubuhmu yang membuatmu bisa berlari dan melompat. Lihat pula bagaimana otot-otot kita tidak pernah berhenti bekerja, membantu kita bernapas, dan memompa jantung. Cari tahu juga, bagaimana kita tumbuh, dan bagaimana cara memperbaiki tulang yang patah. Tidak ketinggalan buku ini menjelaskan pula cara kerja tubuhmu, dari detak jantung sampai persendian pinggul. 4aTulang a00043/K/2005